=LDR 00000nam 2200000 4500 =001 INLIS000000000023707 =005 20160916172411.0 =006 =007 =008 Ind =035 ##$$0010-061300000023707 =041 ##$$a Ind =082 ##$$a 340.1 =090 ##$$a 340.1 Sya p =100 ##$$a Syaripin, Pipin =245 ##$$a Pengantar ilmu hukum, Pipin Syarifin =260 ##$$a 1999 $b Bandung =300 ##$$a 270 hlm, 21 cm =650 ##$$a Hukum-Filsafat dari teori hukum =850 ##$$a NBPNMAT =990 ##$$a 0001/BPAP-NTB/20142014 =990 ##$$a 0001/BPAP-NTB/20142014 =990 ##$$a 0001/BPAP-NTB/2015